DIAGNOSTIC AND SURGICAL IMAGING ANATOMY KNEE, ANKLE, FOOT (Record no. 799062)

MARC details
000 -LEADER
fixed length control field 00411pam a2200145 a 4500
020 ## - INTERNATIONAL STANDARD BOOK NUMBER
International Standard Book Number l-931884439
Terms of availability
041 ## - LANGUAGE CODE
Language code of original
082 ## - DEWEY DECIMAL CLASSIFICATION NUMBER
Classification number 616.0757
Item number MAN/CRI
100 ## - MAIN ENTRY--PERSONAL NAME
Personal name MANASTER B.J., CRIM J., ROSEMBERG Z. S.
245 ## - TITLE STATEMENT
Title DIAGNOSTIC AND SURGICAL IMAGING ANATOMY KNEE, ANKLE, FOOT
Medium Textual Documents
260 ## - PUBLICATION, DISTRIBUTION, ETC.
Place of publication, distribution, etc. [s.l]:
Name of publisher, distributor, etc. AMIRSYS PUB,
Date of publication, distribution, etc. 2007.
300 ## - PHYSICAL DESCRIPTION
Other physical details XIX; I-XIX;
Dimensions HB.
650 ## - SUBJECT ADDED ENTRY--TOPICAL TERM
Topical term or geographic name entry element RADIOLOGY
930 ## - EQUIVALENCE OR CROSS-REFERENCE-UNIFORM TITLE HEADING [LOCAL, CANADA]
Uniform title 4531
Holdings
Withdrawn status Lost status Damaged status Not for loan Collection Home library Current library Date acquired Source of acquisition Cost, normal purchase price Total Checkouts Full call number Barcode Date last seen Copy number Price effective from Koha item type
          Medical College & Hospital, Sangli Medical College & Hospital, Sangli 30/03/2011 B.M.S.G.B.PUNE 6179.10   616.0757 MAN/CRI MCS-9400 26/07/2023 1 26/07/2023 Book